000 00959nam a22002295i 4500
001 166371
003 ES-MaACL
005 20251120142246.0
008 050913s1880 sp | |||||||| ||spa d
100 1 _aTolosa Latour, Manuel,
_d1857-1919
_9110485
245 1 3 _aEl niño
_b: apuntes científicos /
_cManuel Tolosa Latour ; precedidos de una carta a un discípulo de Froebel / por José Ortega y Munilla.
260 _aMadrid :
_b[s.n.],
_c1880 (
_fImp. de la Gaceta Universal)
300 _aXII, 208 p. ;
_c15 cm.
530 _aDisponible en formato digital.
650 _aNiños-
_xSalud e higiene.
_915557
650 4 _aPediatría.
_9136672
650 0 7 _aPedagogía
_2embne
_915904
700 1 _aOrtega Munilla, José,
_d1856-1922
_987477
852 _x
_aBA
_jR-2286
_z- Enc. hol.
_dOlim: F-1091
856 _uhttp://bdh-rd.bne.es/viewer.vm?id=0000091571&page=1
_zBiblioteca Digital Hispánica
999 _c166371
_d166371